000 00965nam a22003377a 4500
001 BR2011007459
003 BR-BrBNA
005 20230928103812.0
007 ta
008 230509b bl.||||| |||| 00| 0 por d
040 _aBR-BrBNA
_bpor
_cBiblioteca Nacional de Agricultura
041 _a(Por)
072 _aN20; F01
_b3575
090 _ 3575 BR2011007459
100 1 _aSilva, J.G. da
100 1 _aOliveira, M.G. de C.
100 1 _aSoares, D.M.
100 1 _aPereira, R.M.
110 1 _aEMBRAPA Arroz e Feijão, Santo Antônio de Goiás, GO (Brasil)
245 1 _aPassos para a construção de três abanadoras de sementes
250 1 _a1. ed.
260 3 _aSanto Antônio de Goiás, GO (Brasil):
_c2011.
300 _a49 p.
500 _a3 ref.; 25 illus.; 3 tables
650 _aMÁQUINA AGRÍCOLA
650 _aCOLHEITA
650 _aSEMENTE
650 _aLIMPEZA DE SEMENTE
909 _a202309
_bLucia
_c55
_dLucia Elande
942 _cBK
999 _c76708
_d76708